000 00295nam a22001457a 4500
008 221003b ||||| |||| 00| 0 eng d
020 _a9780944521465
041 _aeng
080 _a7
082 _a7
100 _a21.1
101 _aART
245 _aPLAYBACK
_cWHITMAN R
942 _2udc
_cBK
999 _c58329
_d58329